Rinnovamento della pastorale (Il)-Guida alla lettura della pastorale Cei 1970-1985 (Record n. 76002)
[ formato base ]
| 000 -LEADER | |
|---|---|
| fixed length control field | 01583nam a2200301Ia 4500 |
| 001 - CONTROL NUMBER | |
| control field | 63003 |
| 003 - CONTROL NUMBER IDENTIFIER | |
| control field | IT-RoPAU |
| 008 - FIXED-LENGTH DATA ELEMENTS--GENERAL INFORMATION | |
| fixed length control field | 130308s9999 xx 000 0 und d |
| 040 ## - CATALOGING SOURCE | |
| Original cataloging agency | IT-RoPAU |
| 040 ## - CATALOGING SOURCE | |
| Transcribing agency | IT-RoPAU |
| 041 ## - LANGUAGE CODE | |
| Language code of text/sound track or separate title | ITALIANO |
| 999 ## - SYSTEM CONTROL NUMBERS (KOHA) | |
| Koha Dewey Subclass [OBSOLETE] | SI |
| 100 ## - MAIN ENTRY--PERSONAL NAME | |
| Personal name | Franchini Enzo |
| 100 ## - MAIN ENTRY--PERSONAL NAME | |
| Miscellaneous information | Codice Aut. SPICS: 10050 |
| 245 ## - TITLE STATEMENT | |
| Title | Rinnovamento della pastorale (Il)-Guida alla lettura della pastorale Cei 1970-1985 |
| 245 ## - TITLE STATEMENT | |
| Remainder of title | Rinnovamento della Pastorale (Il)-Guida Alla Lettura della Pastorale Cei 1970-1985 |
| 250 ## - EDITION STATEMENT | |
| Edition statement | 1a ed. |
| 260 ## - PUBLICATION, DISTRIBUTION, ETC. (IMPRINT) | |
| Place of publication, distribution, etc. | BOLOGNA |
| 260 ## - PUBLICATION, DISTRIBUTION, ETC. (IMPRINT) | |
| Name of publisher, distributor, etc. | EDB - Edizioni Dehoniane |
| 260 ## - PUBLICATION, DISTRIBUTION, ETC. (IMPRINT) | |
| Date of publication, distribution, etc. | 1986 [1° Ed.:1986 - Ed.Ling.Originale:1986] |
| 300 ## - PHYSICAL DESCRIPTION | |
| Extent | "158 p. (prefazione: no ; testo: 158)" |
| 500 ## - GENERAL NOTE | |
| General note | Evangelizzazione Sacramenti promozione Umana Chiesa nel Mondo Concilio e Post Concilio Spiritualismo e Presenzialismo Origini della scelta Italiana Cristianità Democrazia Cristiana forza Politica della fede Documenti Romaniriflessione Italiana domanda dal basso rinnovamento della catechesi impegno della Vita Come verifica del Messaggio itinerario della Vita Cristiana Annuncio catechesi Liturgia Laici e Clericalismo comunione Comunità Riconciliazione Chiesa Tutta Ministeriale Unicità della missione Chiesa Italiana e prospettive del paese Chiesa in Italia Dopo Loreto dal pluralismo Alla Riconciliazione dal Clericalismo Alla Laicità Dalla Pastorale Alla missione Cronistoria della conferenza Episcopale Italiana |
| 650 ## - SUBJECT ADDED ENTRY--TOPICAL TERM | |
| Topical term or geographic name as entry element | TEORIA PASTORALE |
| 650 ## - SUBJECT ADDED ENTRY--TOPICAL TERM | |
| Relator term | Codice materia Spics: 9301 |
| 942 ## - ADDED ENTRY ELEMENTS (KOHA) | |
| Koha item type | LIBRO |
| 957 ## - | |
| -- | 1 |
| 999 ## - SYSTEM CONTROL NUMBERS (KOHA) | |
| -- | 1 |
| Withdrawn status | Lost status | Damaged status | Not for loan | Home library | Current library | Date acquired | Total Checkouts | Full call number | Date last seen | Price effective from | Koha item type | Public note |
|---|---|---|---|---|---|---|---|---|---|---|---|---|
| Buone Condizioni | Not For Loan | SPICS-MEDIATECA | SPICS-MEDIATECA | 08/03/2013 | 63003 | 08/03/2013 | 08/03/2013 | LIBRO | Progressivo inserimento: 58745 / N. Volumi: 1 Copie: 1 Copia Rara: SI / data import: 1 marzo 2013 - By Epidotti, Trombetti, Vaglietti. |